NFL Top 10 Quarterbacks 2025 - Statistics

General Stats
  • This quiz has been taken 137 times
  • The average score is 11 of 13
Answer Stats
Hint Answer % Correct
#1 Lamar Jackson
99%
#2 Josh Allen
98%
#4 Patrick Mahomes
97%
#8 Jalen Hurts
83%
#9 Justin Herbert
82%
#6 Jared Goff
81%
#5 Jayden Daniels
81%
#3 Joe Burrow
81%
#10 Matthew Stafford
79%
#7 Baker Mayfield
74%
Honorable Mention C. J. Stroud
70%
Honorable Mention Jordan Love
70%
Honorable Mention Dak Prescott
65%
No matching quizzes found
Score Distribution
Percent of People with Each Score
Percentile by Number Answered
Your Score History
You have not taken this quiz